An Introduction to Statistical Learning with Applications in R 2/e

Zapisane w:
Opis bibliograficzny
1. autor: James
Format: Książka
Wydane: Springer
Etykiety: Dodaj etykietę
Nie ma etykietki, Dołącz pierwszą etykiete!

MARC

LEADER 00000nam a2200000Ia 4500
005 20260513122054.0
020 |a 9781071614204 
100 |a James 
365 |c € 
365 |b 28.00 
942 |c BK 
245 |a An Introduction to Statistical Learning with Applications in R 2/e 
260 |b Springer 
999 |c 120  |d 120 
952 |0 0  |1 0  |4 0  |7 0  |a UNSW  |b UNSW  |d 2026-04-29  |g 59.99  |i 16671  |l 0  |p 000002  |r 2026-05-13 12:20:55  |v 59.99  |w 2026-05-13  |y BK 
952 |0 0  |1 0  |4 0  |7 0  |a UNSW  |b UNSW  |d 2026-04-29  |g 59.99  |i 16669  |l 0  |p 000014  |r 2026-05-13 12:20:55  |v 59.99  |w 2026-05-13  |y BK 
952 |0 0  |1 0  |4 0  |7 0  |a UNSW  |b UNSW  |d 2026-04-29  |g 59.99  |i 16670  |l 0  |p 000025  |r 2026-05-13 12:20:55  |v 59.99  |w 2026-05-13  |y BK